Logo BPK

Biblioteka

Politechniki Koszalińskiej

Pracownik w zakładzie pracy od przyjęcia do zwolnienia / (Rekord nr 40100)

Szczegóły MARC
000 -ETYKIETA REKORDU
podpole kontrolne o stałej długości 00805nam a2200253 i 4500
001 - NUMER KONTROLNY REKORDU
pole kontrolne bg
020 ## - MIĘDZYNARODOWY ZNORMALIZOWANY NUMER KSIĄŻKI - ISBN
ISBN 837251178X
040 ## - ŹRÓDŁO KATALOGOWANIA
Instytucja, która utworzyła rekord BPK
041 0# - KOD JĘZYKA
Kod języka tekstu pl
080 ## - UNIWERSALNA KLASYFIKACJA DZIESIĘTNA - UKD
UKD 349.2(438)
920 ## - Międzynarodowy znormalizowany numer książki – ISBN
ISBN 83-7251-178-X
008 - POLE O STAŁEJ DŁUGOŚCI - DANE KONTROLNE
podpole kontrolne o stałej długości s pl f |000 0 pol
100 1# - NAZWA OSOBOWA
Nazwa osobowa LIBERA, Tadeusz
245 10 - TYTUŁ/ODPOWIEDZIALNOŚĆ
Tytuł Pracownik w zakładzie pracy od przyjęcia do zwolnienia /
Pozostałe elementy strefy tytułu i oznaczenia odpowiedzialności Tadeusz Libera, Ewa Zduńska.
250 ## - STREFA WYDANIA
Oznaczenie wydania Wyd. 5 zaktualiz. i rozsz., stan prawny na dzień 31 lipca 2001 r.
260 ## - STREFA ADRESU WYDAWNICZEGO
Miejsce wydania Warszawa :
Nazwa wydawcy/dystrybutora "Difin",
Data publikacji, dystrybucji/powstania dokumentu 2001.
300 ## - STREFA OPISU FIZYCZNEGO
Objętość 362 s. ;
Rozmiary 21 cm.
490 1# - STREFA SERII I DOKUMENTU WIELOCZĘŚCIOWEGO - FORMA NIE DO WYSZUKIWANIA
Tytuł i oznaczenie odpowiedzialności serii Vademecum Pracodawcy i Pracownika
650 #9 - HASŁO PRZEDMIOTOWE W FORMIE NAZWY OGÓLNEJ LUB JEDNOSTKOWEJ
Nazwa ogólna lub geograficzna Prawo pracy
Określnik geograficzny Polska
Określnik chronologiczny stan na 2001 r.
700 1# - HASŁO DODATKOWE - NAZWA OSOBOWA
Nazwa osobowa ZDUŃSKA, Ewa
830 ## - HASŁO DODATKOWE SERII LUB DOKUMENTU WIELOCZĘŚCIOWEGO - TYTUŁ UJEDNOLICONY
Tytuł ujednolicony Vademecum Pracodawcy i Pracownika
856 ## - LOKALIZACJA I DOSTĘP DO ELEKTRONICZNYCH DOKUMENTÓW ZDALNYCH
Link (URL) http://koha.tu.koszalin.pl/cgi-bin/koha/opac-detail.pl?biblionumber=40100
Tekst linku Katalog online BPK
942 ## - DODATKOWE ELEMENTY (KOHA)
Typ dokumentu Książka
Egzemplarze
Wycofany Status egzemplarza Uszkodzony Dostępność Lokalizacja stała Lokalizacja bieżąca Miejsce przechowywania Sygnatura Kod kreskowy Dział Typ dokumentu
      Tylko na miejscu Biblioteka Politechniki Koszalińskiej Biblioteka Politechniki Koszalińskiej Czytelnia BG 60077 01617948 349.2 Prawo pracy Książka
      Dostępny Biblioteka Politechniki Koszalińskiej Biblioteka Politechniki Koszalińskiej Wypożyczalnia BG 60078 01617931   Książka
© 2023 Biblioteka Politechniki Koszalińskiej :: KOHA